| 000 | 03840nam a2200361 i 4500 | ||
|---|---|---|---|
| 003 | DO-SdBNP | ||
| 005 | 20250515140454.0 | ||
| 006 | a||||gr|||| 00| 0 | ||
| 007 | ta | ||
| 008 | 231026b2018 dr ab||| |||| 00| m spa d | ||
| 040 |
_aDO-SdBNP _bspa _cBNPHU _erda |
||
| 041 | _hspa | ||
| 082 | 4 |
_a362.2097293 _bL937a _222 |
|
| 100 | 1 |
_aLuciano, Dinys, _986088 _eautor |
|
| 245 | 1 | 0 |
_aAnálisis de situación en salud mental y atención primaria en República Dominicana : _binforme de investigación / _cLuciano Dinys, Edna Nadal, Sonia Brito, Martín Negrete, Ivette Contreras. |
| 264 | 1 |
_aSanto Domingo : _bMinisterio de Salud Pública, _c2018 |
|
| 300 |
_a121 páginas : _bilustraciones ; cuadros, gráficos ; _c26 cm. |
||
| 336 |
_2rdacontent _atexto _btxt |
||
| 337 |
_2rdamedia _asin mediación _bn |
||
| 338 |
_2rdacarrie _avolumen _bnc |
||
| 500 | _aIncluye referencias bibliográficas y notas al pie de las páginas | ||
| 504 | _ainterinstitucional | ||
| 505 | 0 | _a1. Descripción general del estudio 1 -- Definiciones y enfoque 1 -- Objetivos 2 -- Metodología 2 -- Limitaciones generales del estudio 4 -- 2. Análisis de contexto de la salud mental 5 -- Magnitud de los trastornos MNS y factores asociados 6 -- Carga de enfermedad asociada a trastornos MNS 15 -- Políticas, normas e inversión pública 26 -- Disponibilidad y utilización de servicios para la atención a trastornos MNS 31 -- Recursos humanos y programas de formación 32 -- Colaboración interinstitucional, apoyo social, prevención y sistemas de información 33 -- 3. Entrevistas a tomadores de decisiones 36 -- Características de las personas entrevistadas 36 -- Trastornos MNS a nivel nacional y provincial 37 -- Garantías de servicios 41 -- Mecanismos de coordinación interinstitucional 43 -- Actitudes y creencias sobre la salud mental 44 -- Necesidades organizacionales y programáticas para la oferta de servicios de salud mental 45 -- Colaboración intra e intersectorial 48 -- 4. Entrevistas a proveedores de servicios 48 -- Características de las personas entrevistadas 49 -- Perfil de la demanda de servicios de salud mental 50 -- Oferta de servicios, disponibilidad y utilización de herramientas técnicas y normativas 53 -- Prevención y promoción 57 -- Patrones de utilización de servicios de salud mental 58 -- Actitudes y creencias sobre la salud mental 60 -- Necesidades organizacionales y programáticas para la oferta de servicios de salud mental 62 -- Experiencia personal y profesional de las y los proveedores en el trabajo con personas afectadas por trastorno MNS 67 -- 5. Observación de servicios de atención primaria 68 -- Oferta de servicios de salud mental 68 -- Medicación psicotrópica 69 -- Recursos humanos 70 -- Infraestructura física de las áreas asistenciales 70 -- Equipos básicos y condiciones de mantenimiento 71 -- Expediente clínico 71 -- Acciones de promoción y prevención 72 -- 6. Grupos focales con subpoblaciones a nivel comunitario 74 -- Características de las y los participantes 75 -- Hallazgos de la entrevista inicial 76 -- Actitudes, creencias y conocimientos sobre salud mental 77 -- Factores asociados a los trastornos MNS y patrones de utilización de servicios 94 -- Necesidades que deben ser atendidas en los servicios de salud, las comunidades y otros sectores 101 -- 7. Discusión de resultados y recomendaciones 108 -- Discusión de resultados 108 -- Recomendaciones 114 -- Anexo 119 | |
| 590 | _aInventariado 2023 / DG | ||
| 650 | 4 |
_aSalud mental _zRepública Dominicana _91052 |
|
| 650 | 0 |
_aAtención primaria de salud _920167 |
|
| 700 | 1 |
_aNadal, Edna, _986089 _eautor |
|
| 700 | 1 |
_aBrito, Sonia, _958055 _eautor |
|
| 700 | 1 |
_aNegrete, Martín, _986090 _eautor |
|
| 700 | 1 |
_aContreras, Ivette, _986091 _eautor |
|
| 910 | _aDG/Validado. Control de calidad MFF | ||
| 942 |
_2ddc _cLBS1 |
||
| 999 |
_c55400 _d55400 |
||